BSOP header

Theology of the Pentateuch : (Record no. 13520)

MARC details
000 -LEADER
fixed length control field 00968nam a2200217 4500
008 - FIXED-LENGTH DATA ELEMENTS--GENERAL INFORMATION
fixed length control field 021213s1994 us 1 eng
020 ## - INTERNATIONAL STANDARD BOOK NUMBER
International Standard Book Number 0800625935
090 ## - LOCALLY ASSIGNED LC-TYPE CALL NUMBER (OCLC); LOCAL CALL NUMBER (OCLC)
Classification number (OCLC) (R) ; Classification number, CALL (RLIN) (NR) BS1181.6
Local cutter number (OCLC) ; Book number/undivided call number, CALL (RLIN) L83t
100 1# - MAIN ENTRY--PERSONAL NAME
Personal name Lohfink, Norbert
245 10 - TITLE STATEMENT
Title Theology of the Pentateuch :
Remainder of title themes of the priestly narrative and Deuteronomy /
Statement of responsibility, etc Norbert Lohfink; translated by Linda M. Maloney.
260 ## - PUBLICATION, DISTRIBUTION, ETC. (IMPRINT)
Place of publication, distribution, etc Minneapolis :
Name of publisher, distributor, etc Fortress,
Date of publication, distribution, etc c1994.
300 ## - PHYSICAL DESCRIPTION
Extent xiii, 314 p.
500 ## - GENERAL NOTE
General note Articles selected & trans. from the collections: studien zum Pentateuch and studien zum Deuteronomium und zur Deuteronomistischen literatur I
504 ## - BIBLIOGRAPHY, ETC. NOTE
Bibliography, etc Includes index
650 #4 - SUBJECT ADDED ENTRY--TOPICAL TERM
Topical term or geographic name as entry element Bible. O.T. Deuteronomy
General subdivision Criticism, interpretation, etc.
650 #4 - SUBJECT ADDED ENTRY--TOPICAL TERM
Topical term or geographic name as entry element Human ecology
General subdivision Religious aspects
-- Christianity.
650 #4 - SUBJECT ADDED ENTRY--TOPICAL TERM
Topical term or geographic name as entry element P document (Biblical criticism).
951 ## - EQUIVALENCE OR CROSS-REFERENCE-GEOGRAPHIC NAME/AREA NAME [OBSOLETE] [CAN/MARC only]
General subdivision 00002813
700 1# - ADDED ENTRY--PERSONAL NAME
Personal name Maloney, Linda M.
740 02 - ADDED ENTRY--UNCONTROLLED RELATED/ANALYTICAL TITLE
Uncontrolled related/analytical title Pentateuch. Selections. English. 1994.
951 ## - EQUIVALENCE OR CROSS-REFERENCE-GEOGRAPHIC NAME/AREA NAME [OBSOLETE] [CAN/MARC only]
-- 16740
-- BS1181.6/L83t
-- 070613111158328
-- 2000-12-21
-- GC
Holdings
Withdrawn status Lost status Damaged status Not for loan Home library Current library Shelving location Date acquired Accession number Shelving control number Total Checkouts Full call number Barcode Date last seen Price effective from Koha item type
        BSOP Library BSOP Library GC 12/21/2000 16740 127   BS1181.6/L83t 00002813 02/23/2013 02/23/2013 Books
BSOP

Biblical Seminary of the Philippines
  All rights Reserved
  © 2024

CONTACT INFORMATION

Biblical Seminary of the Philippines,
  77-B Karuhatan Road, Valenzuela City,
  PHILIPPINES 1441
  Phone: +632 8292-6795 / 8292-6798
  Fax : +632 8292-6675
  Email: library@bsop.edu.ph